| 000 | 00484nam a22001697a 4500 | ||
|---|---|---|---|
| 005 | 20180202150238.0 | ||
| 008 | 160428b xxu||||| |||| 00| 0 eng d | ||
| 020 | _a0-19-511008-0 | ||
| 041 | _aeng | ||
| 082 |
_b00673 _a004.16 |
||
| 100 |
_aCady, Fredrick M. _977 |
||
| 245 | _aMicrocontrollers and microcomputers: Principle of software & Hardware Engg. | ||
| 260 |
_aNew York _bOxford University Press, _c2004 |
||
| 300 | _a252 | ||
| 650 |
_aInformation Technology _9137 |
||
| 942 | _cBK | ||
| 999 |
_c194 _d194 |
||